Countries That Produce The Most Tea - Statistics

General Stats
  • This quiz has been taken 445 times
  • The average score is 6 of 10
Answer Stats
Tonnes x 1000 Country % Correct
2415 China
98%
1252 India
97%
80 Japan
77%
144 Indonesia
76%
240 Vietnam
71%
349 Sri Lanka
60%
102 Myanmar
51%
243 Turkey
50%
473 Kenya
31%
90 Argentina
26%
No matching quizzes found
Score Distribution
Percent of People with Each Score
Percentile by Number Answered
Your Score History
You have not taken this quiz